Gustar y emocionar : ensayo sobre la sociedad de seducción /

Estudio que trata sobre la seducción, como la conducta transhistórica que expresa el deseo de gustar y emocionar, bajo tres modalidades: como seducción erótica, como seducción extraerótica manisfestada en la política, la economía o la educación, y como seducción controladora.

Guardado en:
Detalles Bibliográficos
Autor principal: Lipovetsky, Gilles (autor)
Otros autores: Zelich, Cristina (traducción) (traducción)
Formato: Libro
Idioma:Español
Publicado: Barcelona, España : Anagrama, 2020, c2020
Colección:(Argumentos ; 549)
Temas:
Etiquetas: Agrega una etiqueta
Sin etiquetas, Sé el primero en etiquetar este registro!

MARC

LEADER 00000nam^a2200000^a^4500
001 000576886
005 20250521000000.0
009 20260310132437.747
020 |a 978-84-339-6460-1 
037 |a Acervo ITESO - Biblioteca 
041 |a ESP 
082 |a 149. 97  |b LIP OBR GUS 
100 |a Lipovetsky, Gilles  |e (autor) 
245 1 0 |a Gustar y emocionar :  |b ensayo sobre la sociedad de seducción /  |c G. Lipovetsky ; tr. por C. Zelich. 
264 4 |a Barcelona, España :  |b Anagrama,  |c 2020, c2020 
300 |a 473 p. 
336 |a texto  |b txt  |2 rdacontenido 
337 |a sin mediación  |b n  |2 rdamedio 
338 |a volumen  |b nc  |2 rdasoporte 
440 1 |a (Argumentos ;  |v 549) 
500 |a Traducción de: Plaire rt toucher. Essai sur la societé de séduction 
520 |a Estudio que trata sobre la seducción, como la conducta transhistórica que expresa el deseo de gustar y emocionar, bajo tres modalidades: como seducción erótica, como seducción extraerótica manisfestada en la política, la economía o la educación, y como seducción controladora. 
521 |a FIL 2023 DIA 
649 |a XX 
650 |a Belleza Personal 
650 |a Imagen Personal 
650 |a Cortejo y Seducción -  |x Aspectos Sociales y Culturales -  |x Tema Principal 
650 |a Cortejo y Seducción -  |x Tema Principal 
650 |a Amor 
650 |a Erotismo 
650 |a Alienación 
650 |a Control Social 
650 |a Prácticas Culturales 
650 |a Sociología 
700 |a Zelich, Cristina  |e (traducción) 
910 |a Fondo General 
920 |a Impresos - Libros 
930 |a Colección General 
905 |a 101 
901 |a 0500402224  |b IT1  |c ACC  |i C183692  |u 20250521 
902 |a https://opac.biblio.iteso.mx/vufind/Record/000576886